| 000 | 01233nam2a2200325 i 4500 | ||
|---|---|---|---|
| 001 | RU\NLR\BIBL_A\010435388 | ||
| 005 | 20240921210121.0 | ||
| 010 |
_a9785977407045 _9200000 |
||
| 021 |
_aRU _b2014-34668п _91526п |
||
| 035 | _a(NLR Aleph) 010435388 | ||
| 090 |
_a9868514 _c9868514 |
||
| 100 | _a20140730d2014 u y0rusy50 ca | ||
| 101 | 0 | _arus | |
| 102 | _aRU | ||
| 105 | _aa ||z|||000yy | ||
| 200 | 1 |
_aЧисла - основа гармонии _eмузыка и математика _fХавьер Арбонес и Пабло Милруд |
|
| 210 | _d2014 | ||
| 215 |
_a159 с. _cил. |
||
| 300 | _aНа обл. авт. не указаны | ||
| 320 | _aБиблиогр.: с. 157 | ||
| 320 | _aАлф. указ.: с. 158-159 | ||
| 461 | 0 |
_1001RU\NLR\BIBL_A\010408308 _12000#$aМир математики$e[в 40 т.]$v[Т. 12] _99740621 _cМосква _d2013 _nDeAgostini _o[в 40 т.] _tМир математики _y9785977406826 _v[Т. 12] |
|
| 606 | 1 |
_aМузыка и математика _91635145 _3RU\NLR\AUTH\66722570 |
|
| 686 | 1 | _aЩ310.6 | |
| 701 | 1 |
_aАрбонес _bХ. _gХавьер |
|
| 701 | 0 |
_aМилруд _bП. _gПабло |
|
| 942 | _cBOOK | ||
| 980 | _aNBR | ||